[Event "Hoogovens-B"]
[Site "Wijk aan Zee"]
[Date "1988.??.??"]
[Round "?"]
[White "Brenninkmeijer, Joris"]
[Black "Fedorowicz, John P"]
[Result "0-1"]
[WhiteElo "2385"]
[BlackElo "2560"]

1.d4 Nf6 2.c4 c5 3.d5 b5 4.a4 b4 5.g3 g6 6.b3 Bg7 7.Bb2 Bb7 8.Bg2 e6 9.e4 O-O
10.Ne2 exd5 11.exd5 d6 12.O-O Nbd7 13.Nd2 Re8 14.Nf4 Ne5 15.Nf3 Nfg4 16.Nxe5 Nxe5
17.Ra2 Bc8 18.Bh3 Bxh3 19.Nxh3 Qd7 20.Kg2 Qf5 21.Bxe5 Qxe5 22.Qf3 Bh6 23.Ng1 Qc3
24.Ne2 Qxf3+ 25.Kxf3 Re5 26.Ng1 Rae8 27.Re2 Rxe2 28.Nxe2 Kg7 29.Rd1 Re5 30.h4 f5
31.Ng1 Kf6 32.Kg2 Bg7 33.Kf1 f4 34.Nf3 Re7 35.Rd3 h6 36.Nd2 Kf5 37.Rf3 Be5
38.Kg2 g5 39.hxg5 hxg5 40.Rd3 Bc3 41.Nb1 Bd4 42.Kf1 g4 43.gxf4 Kxf4 44.Rd2 Rh7
45.Kg2 Rh3  0-1

[Event "Hoogovens-B"]
[Site "Wijk aan Zee"]
[Date "1988.??.??"]
[Round "?"]
[White "Douven, Rudy C"]
[Black "Fedorowicz, John P"]
[Result "0-1"]
[WhiteElo "2410"]
[BlackElo "2560"]

1.d4 Nf6 2.c4 g6 3.Nc3 d5 4.Nf3 Bg7 5.Bg5 Ne4 6.Bh4 Nxc3 7.bxc3 dxc4 8.e3 b5
9.a4 c6 10.Nd2 a6 11.Be2 Ra7 12.O-O O-O 13.Qb1 Nd7 14.Ne4 Nb6 15.Nc5 Nd5
16.Qc2 Qb6 17.Bf3 e5 18.axb5 axb5 19.Rxa7 Qxa7 20.Bxd5 cxd5 21.Qb2 exd4 22.exd4 Qb6
23.Rb1 Re8 24.h3 h5 25.Kh2 Bh6 26.Bg3 Qc6 27.Ra1 Bf8 28.Ra5 h4 29.Bb8 b4
30.cxb4 Bd6+ 31.Bxd6 Qxd6+ 32.g3 hxg3+ 33.fxg3 c3 34.Qf2 Bf5 35.Ra1 Qb8 36.Rf1 Qb5
37.Kg1 Re2 38.Qf4 Rb2 39.Re1 c2 40.g4 Rb1  0-1

[Event "American op"]
[Site "?"]
[Date "1989.??.??"]
[Round "3"]
[White "Fedorowicz, John P"]
[Black "Booth, Stephen A"]
[Result "1-0"]
[WhiteElo "2505"]
[BlackElo "2300"]

1.d4 Nf6 2.c4 g6 3.Nc3 Bg7 4.e4 O-O 5.Be2 d6 6.Bg5 h6 7.Be3 e5 8.d5 Kh7 9.g4 Ng8
10.h4 f5 11.gxf5 gxf5 12.exf5 Bxf5 13.Nf3 Kh8 14.h5 Nd7 15.Nh4 Qf6 16.Bg4 Ne7
17.Bxf5 Nxf5 18.Ng6+ Kg8 19.Ne4 Qf7 20.Nxf8 Nxe3 21.fxe3 Rxf8 22.Qg4 Qf5
23.Qxf5 Rxf5 24.Ke2 Nf6 25.Nxf6+ Rxf6 26.Raf1 Kf7 27.b4  1-0

[Event "American op"]
[Site "?"]
[Date "1989.??.??"]
[Round "7"]
[White "Brooks, Michael A"]
[Black "Fedorowicz, John P"]
[Result "0-1"]
[WhiteElo "2385"]
[BlackElo "2505"]

1.e4 c5 2.Nf3 d6 3.d4 cxd4 4.Nxd4 Nf6 5.Nc3 Nc6 6.Bc4 Qb6 7.Nb3 e6 8.Be3 Qc7
9.f4 a6 10.Qf3 b5 11.Bd3 Bb7 12.a4 b4 13.Ne2 Nb8 14.c4 Nbd7 15.O-O Nc5 16.Nxc5 dxc5
17.Ng3 h5 18.Rfe1 O-O-O 19.Bc2 Ng4 20.Rad1 Rxd1 21.Rxd1 Nxe3 22.Qxe3 h4 23.Nf1 g5
24.fxg5 Bg7 25.b3 Be5 26.g6 fxg6 27.Qg5 Qg7 28.Nd2 Bd4+ 29.Kh1 Qf6 30.Qg4 h3
31.Nf3 hxg2+ 32.Kxg2 Be5 33.h3 Bf4 34.Re1 Bc7 35.e5 Qxf3+ 36.Qxf3 Bxf3+ 37.Kxf3 Rxh3+
38.Kf4 Kd7 39.Bxg6 Rxb3 40.Rd1+ Ke7 41.Rd3 Rb2 42.Rh3 Rf2+ 43.Ke3 Rf1 44.Rh7+ Kd8
45.Rh8+ Kd7 46.Rh7+ Kc8 47.Ke2 Rf4 48.Re7 Bxe5 49.Rxe6 Bd4 50.Rxa6 Rf2+ 51.Ke1 Kb7
52.Ra5 Ra2 53.Kd1 Ra1+ 54.Kc2 Ra3 55.Be4+ Kc7 56.Ra8 Re3 57.Bg6 Rg3 58.Be4 b3+
59.Kd2 Bc3+ 60.Ke2 Rg4 61.Ra7+ Kd6 62.Bh7 Rh4 63.Bg6 Rh2+ 64.Kd3 Bb4 65.Rh7 b2
66.Ke3 Rg2 67.Be4 Rg1 68.Rh6+ Kc7 69.Rh7+ Kb6 70.Rh6+ Ka5 71.Bb7 Kxa4 72.Bc6+ Kb3
73.Rh3 b1=Q 74.Be4 Qc1+ 75.Kf2+ Bc3 76.Bc2+ Kb4  0-1

[Event "US op"]
[Site "Chicago"]
[Date "1989.??.??"]
[Round "4"]
[White "Eckert, Doug D"]
[Black "Fedorowicz, John P"]
[Result "0-1"]
[WhiteElo "2305"]
[BlackElo "2505"]

1.d4 Nf6 2.Nf3 g6 3.c4 c5 4.d5 Bg7 5.Nc3 O-O 6.e4 d6 7.Be2 e5 8.O-O Na6 9.Ne1 Nd7
10.a3 f5 11.Nd3 Nf6 12.f3 f4 13.b4 b6 14.bxc5 bxc5 15.Bd2 Nc7 16.Rb1 h5 17.Nf2 g5
18.h3 Rf7 19.Qa4 Bf8 20.Nb5 Nxb5 21.Qxb5 Bd7 22.Qa6 Qe8 23.Rb3 Rg7 24.Rfb1 g4
25.hxg4 hxg4 26.fxg4 Nxg4 27.Bf3 Nxf2 28.Kxf2 Qg6 29.Rb8 Rxb8 30.Rxb8 Bg4
31.Bxg4 Qxg4 32.Rxf8+ Kxf8 33.Qxd6+ Ke8 34.Qe6+ Qxe6 35.dxe6 Re7 36.g3 fxg3+
37.Kxg3 Rxe6 38.Be3 Kf7 39.Bxc5 Rc6 40.Bxa7 Rxc4  0-1

[Event "New York exh"]
[Site "New York"]
[Date "1989.??.??"]
[Round "1"]
[White "Fedorowicz, John P"]
[Black "Ivanov, Alexander"]
[Result "1/2-1/2"]
[WhiteElo "2505"]
[BlackElo "2470"]

1.c4 g6 2.d4 Bg7 3.e4 d6 4.Nc3 Nc6 5.Be3 e5 6.d5 Nce7 7.g4 f5 8.f3 Nf6 9.Be2 c5
10.h4 fxg4 11.fxg4 h5 12.g5 Ng4 13.Bd2 O-O 14.Nh3 Bd7 15.Qc2 a6 16.O-O-O b5
17.Rdf1 Qb6 18.Nd1 Rxf1 19.Rxf1 Rf8 20.Rxf8+ Bxf8 21.Nhf2 Nxf2 22.Nxf2 Nc8
23.Qd1 Qd8 24.cxb5 axb5 25.Qb3 Qb6 26.Qf3 Be7 27.Nh1 c4 28.Qf2 Bd8 29.a3 Qxf2
30.Nxf2 Bb6 31.Be1 Kf7 32.Nd1 Bd4 33.a4 bxa4 34.Bxc4 Nb6 35.Bd3 Ke7 36.Nc3 Bg4
37.Nb5 Bc5 38.Nc3 Bf3 39.Bc2  1/2-1/2

[Event "New York op"]
[Site "New York"]
[Date "1989.??.??"]
[Round "2"]
[White "Lobron, Eric"]
[Black "Fedorowicz, John P"]
[Result "1/2-1/2"]
[WhiteElo "2555"]
[BlackElo "2505"]

1.d4 d5 2.c4 c6 3.cxd5 cxd5 4.Nc3 Nc6 5.Bf4 Bf5 6.e3 e6 7.Bd3 Bxd3 8.Qxd3 Bd6
9.Bxd6 Qxd6 10.Nf3 Nf6 11.O-O O-O 12.Rac1 Rac8  1/2-1/2

[Event "New York op"]
[Site "New York"]
[Date "1989.??.??"]
[Round "5"]
[White "Romanishin, Oleg M"]
[Black "Fedorowicz, John P"]
[Result "1/2-1/2"]
[WhiteElo "2555"]
[BlackElo "2505"]

1.e4 c5 2.Nf3 d6 3.c3 Nf6 4.Be2 Nbd7 5.d3 c4 6.O-O e6 7.d4 Nxe4 8.Bxc4 Be7
9.Re1 Nef6 10.Nbd2 O-O 11.Nf1 Re8 12.Ng3 Nf8 13.Bd3 Bd7 14.c4 a6 15.b3 b5
16.Bd2 Qb6 17.h3 Qb7 18.Rc1 Rac8 19.Bb1 Ng6 20.Bg5 bxc4 21.bxc4 h6 22.Bd2 Bf8
23.Re3  1/2-1/2

[Event "New York op"]
[Site "New York"]
[Date "1989.??.??"]
[Round "7"]
[White "Fedorowicz, John P"]
[Black "Kudrin, Sergey"]
[Result "1/2-1/2"]
[WhiteElo "2505"]
[BlackElo "2550"]

1.d4 Nf6 2.c4 g6 3.g3 d5 4.cxd5 Nxd5 5.e4 Nb6 6.Bg2 Bg7 7.Ne2 e5 8.d5 O-O
9.Nbc3 c6 10.O-O cxd5 11.exd5 Bf5 12.b3 Qd7 13.a4 Na6 14.Ba3 Rfd8 15.d6 Bh3
16.Bxh3 Qxh3 17.Nb5 Nd7 18.Nec3 Nac5 19.f3 a6 20.Nc7 Rab8 21.Qd5 Ne6 22.Nxe6 Qxe6
23.Qxe6 fxe6 24.Ne4 Rbc8 25.Rac1 Nf6 26.Rc7 Rxc7 27.dxc7 Rc8 28.Nxf6+ Bxf6
29.Bd6 Kf7 30.Rd1 Ke8 31.Kf2 Be7 32.Bxe5 Bc5+ 33.Ke2 Bb6 34.Rc1 Kd7 35.Kd3 Bxc7
36.Ke4 Bd8 37.Rd1+ Ke8 38.h4 Rc2 39.Kd3 Rc5 40.Bd4 Rc6 41.Ke4 Rc2 42.Kd3 Rg2
43.Be5 Bb6 44.Rd2  1/2-1/2

[Event "New York op"]
[Site "New York"]
[Date "1989.??.??"]
[Round "8"]
[White "Fedorowicz, John P"]
[Black "Razuvaev, Yuri S"]
[Result "1-0"]
[WhiteElo "2505"]
[BlackElo "2550"]

1.e4 e5 2.Nf3 Nc6 3.Bb5 a6 4.Ba4 Nf6 5.O-O Be7 6.Re1 b5 7.Bb3 O-O 8.c3 d6
9.h3 Nd7 10.d4 Nb6 11.Nbd2 Bf6 12.Nf1 Re8 13.Bc2 g6 14.Ne3 Bg7 15.d5 Ne7
16.b3 Rf8 17.a4 bxa4 18.bxa4 f5 19.a5 Nd7 20.exf5 gxf5 21.Ba3 Kh8 22.Ng5 Nf6
23.c4 Bh6 24.Ne6 Bxe6 25.dxe6 e4 26.Ba4 Rb8 27.c5 d5 28.c6 Nfg8 29.Rb1 Rxb1
30.Qxb1 Bg7 31.Rd1 d4 32.Qb4 d3 33.Qc4 Qd4 34.Qxd4 Bxd4 35.Nd5 Nxd5 36.Bxf8 Nc3
37.Bb3 Nxd1 38.Bxd1 f4 39.Bb4 e3 40.Bb3 Nf6 41.fxe3 fxe3 42.g4 Kg7 43.Kg2 Kg6
44.Kf3 Kg5 45.e7 Kg6 46.Bc4 d2 47.Ke2 Ne8 48.Bxa6 Kf6 49.Bc8 h6 50.a6 Kf7
51.Bd7 Bb6 52.h4 Bd4 53.h5  1-0

[Event "Paris-ch"]
[Site "Paris"]
[Date "1989.??.??"]
[Round "3"]
[White "Chernin, Alexander"]
[Black "Fedorowicz, John P"]
[Result "1/2-1/2"]
[WhiteElo "2580"]
[BlackElo "2505"]

1.d4 Nf6 2.Nf3 g6 3.Bg5 Bg7 4.Nbd2 O-O 5.e4 d6 6.c3 Nc6 7.Be2 e5 8.dxe5 dxe5
9.O-O h6 10.Bh4 Qe8 11.Qc2 Nh5 12.Rfe1 Kh8 13.Nc4 Be6 14.b4 f6 15.Nfd2 Nf4
16.Bf1 Qf7 17.Ne3 Rad8 18.Nb3 b6 19.b5 Ne7 20.c4 g5 21.Bg3 f5 22.f3 h5 23.Nd2 fxe4
24.fxe4 Neg6 25.Bf2 g4 26.Red1 h4 27.Nd5  1/2-1/2

[Event "World op"]
[Site "Philadelphia"]
[Date "1989.??.??"]
[Round "1"]
[White "Fedorowicz, John P"]
[Black "Quillan, Gary"]
[Result "1-0"]
[WhiteElo "2505"]
[BlackElo "2280"]

1.d4 g6 2.e4 Bg7 3.c4 c5 4.d5 d6 5.Nc3 Nf6 6.Nf3 O-O 7.Be2 Na6 8.O-O Nc7
9.Bf4 a6 10.a4 Rb8 11.h3 Nh5 12.Bh2 Bh6 13.Re1 Nf4 14.Bf1 e5 15.dxe6 Bxe6
16.Kh1 f5 17.e5 d5 18.Bxf4 Bxf4 19.cxd5 Nxd5 20.Bc4 Nc7 21.Bxe6+ Nxe6 22.Qb3 Qe7
23.Nd5 Qf7 24.Nxf4 Nxf4 25.e6 Qe7 26.Rad1 Rbd8 27.Rd7 Rxd7 28.exd7+ Qf7 29.Qxf7+ Kxf7
30.Ng5+  1-0

[Event "San Mateo rapid"]
[Site "San Mateo"]
[Date "1989.??.??"]
[Round "?"]
[White "Fedorowicz, John P"]
[Black "Mar, Craig"]
[Result "1/2-1/2"]
[WhiteElo "2505"]
[BlackElo "2420"]

1.d4 Nf6 2.c4 e6 3.Nf3 d5 4.Nc3 c5 5.cxd5 Nxd5 6.e4 Nxc3 7.bxc3 Be7 8.Bd3 Nd7
9.O-O O-O 10.Qe2 b6 11.d5 exd5 12.exd5 Bf6 13.Qc2 g6 14.Bh6 Re8 15.Bb5 Bb7
16.Rad1 a6 17.Bc6 Qc8 18.Bxb7 Qxb7 19.c4 b5 20.Nd2 Bd4 21.Nb3 Be5 22.f4 Bd6
23.Na5 Qc7 24.Nc6 Nb6 25.cxb5 axb5 26.Qb2 f5 27.Qxb5 Na4 28.Qb3 c4 29.Qc2 Qb6+
30.Kh1 Re4 31.Rde1 Qb2 32.Qd1 Nc3 33.Qf3 Rxa2  1/2-1/2

[Event "Hoogovens-B"]
[Site "Wijk aan Zee"]
[Date "1989.??.??"]
[Round "?"]
[White "Fedorowicz, John P"]
[Black "Dokhoian, Yury"]
[Result "1-0"]
[WhiteElo "2505"]
[BlackElo "2575"]

1.e4 e6 2.d4 d5 3.e5 c5 4.c3 Nc6 5.Nf3 Qb6 6.a3 Nh6 7.b4 cxd4 8.cxd4 Nf5
9.Bb2 Be7 10.Bd3 Bd7 11.O-O g5 12.Bxf5 exf5 13.Nc3 Be6 14.Na4 Qb5 15.Nc5 g4
16.Ne1 Bxc5 17.dxc5 a5 18.Nc2 a4 19.Nd4 Nxd4 20.Bxd4 Rc8 21.Rc1 Kd7 22.Qd2 Kc6
23.Rc3 h5 24.Rd1 Rhg8 25.Rd3 Rg6 26.Be3 Rd8 27.Bg5 Rd7 28.Bf6 Rg8 29.Qh6 Qc4
30.Rd4 Qb3 31.Qc1 g3 32.hxg3 Rg4 33.R4d3 Rc4 34.Qd2 Qc2 35.Qh6 Rc3 36.R3d2 Qe4
37.Qf8 Rc2 38.b5+ Kxb5 39.Rb1+  1-0

[Event "BL2-W8990"]
[Site "Germany"]
[Date "1990.??.??"]
[Round "?"]
[White "Pieper Emden, Carsten"]
[Black "Fedorowicz, John P"]
[Result "1/2-1/2"]
[WhiteElo "2390"]
[BlackElo "2560"]

1.d4 Nf6 2.c4 c5 3.Nf3 cxd4 4.Nxd4 b6 5.Nc3 Bb7 6.Bg5 a6 7.f3 e6 8.e4 d6
9.Qd2 Be7 10.Bd3 Nbd7 11.O-O O-O 12.Rac1 Re8 13.Bb1 h6 14.Be3 Bf8 15.Bf2 Rc8
16.b3 Qc7 17.Rfd1 Qb8 18.h3 Ba8 19.Kh1 Rcd8 20.Re1 g6 21.Bg1 Bg7 22.Bh2 Nc5
23.Qf2 Qc7 24.Red1 Bf8 25.Qh4 Ncd7 26.Rc2 Rc8 27.Rcd2 e5 28.Nde2 Qb8 29.a4 h5
30.Bg1 Be7 31.Qe1 Kg7 32.Be3 Rh8 33.Qf2 h4 34.f4 Nc5 35.Qf3 Nxb3 36.Rb2 Nc5
37.a5 b5 38.fxe5 dxe5 39.cxb5 Rh5 40.Bg1 Rd8 41.Rxd8 Qxd8 42.b6 Rf5 43.Qe3 Rf1
44.Kh2 Nb7 45.Qd3 Qxd3 46.Bxd3 Ra1 47.Bxa6 Rxa5 48.Bd3 Bc5 49.Bc2 g5 50.Nb5 g4
51.hxg4 Ra1 52.Bb1 Nxg4+ 53.Kh3 Nf2+ 54.Bxf2 Bxf2 55.Nc7 Nc5 56.Nxa8 Rxa8
57.Rb5 Ra3+ 58.Kg4 Kg6 59.Nf4+ exf4 60.e5+ Kg7 61.b7 Nd7 62.b8=Q Nxb8 63.Rxb8 Rg3+
64.Kxf4 Be3+ 65.Ke4 Bc1 66.Rc8 Re3+ 67.Kf5  1/2-1/2

[Event "Groningen"]
[Site "Groningen"]
[Date "1990.??.??"]
[Round "?"]
[White "Fedorowicz, John P"]
[Black "Arnason, Jon L"]
[Result "1/2-1/2"]
[WhiteElo "2565"]
[BlackElo "2540"]

1.d4 Nf6 2.c4 e6 3.Nc3 Bb4 4.e3 O-O 5.Bd3 d5 6.cxd5 exd5 7.Ne2 Bd6 8.f3 c5
9.O-O Nc6 10.Rf2 a6 11.g4 b5 12.g5 Ne8 13.dxc5 Bxc5 14.Nxd5 Qxg5+ 15.Rg2 Qh4
16.Nef4 Ne7 17.b4 Ba7 18.Nxe7+ Qxe7 19.Be4 Bb7 20.Bxb7 Qxb7 21.Kh1 Bb8 22.Nd3 Bd6
23.Bb2 Rd8 24.e4 Be7 25.Qb3 Bf6 26.Bxf6 Nxf6 27.Rag1 g6 28.Nf4 Qe7 29.Rg5 Rd4
30.a3 Rfd8 31.Qe3 Rd1 32.Rc5 Rxg1+ 33.Kxg1 Rd1+ 34.Kg2 Qd7 35.Kg3 Kg7 36.h4 h6
37.Qc3 Qd2 38.Qxd2 Rxd2 39.e5 Nd7 40.e6 fxe6 41.Rc6 e5 42.Nxg6  1/2-1/2

[Event "Groningen"]
[Site "Groningen"]
[Date "1990.??.??"]
[Round "?"]
[White "Fedorowicz, John P"]
[Black "Piket, Jeroen"]
[Result "0-1"]
[WhiteElo "2565"]
[BlackElo "2495"]

1.c4 e5 2.Nc3 Nc6 3.g3 g6 4.Bg2 Bg7 5.d3 d6 6.Rb1 a5 7.a3 Nf6 8.Nf3 O-O 9.O-O h6
10.b4 axb4 11.axb4 Be6 12.b5 Ne7 13.Bb2 Qd7 14.Re1 Bh3 15.Bh1 Ng4 16.Nd2 Rab8
17.Qb3 Kh7 18.Nd5 f5 19.Ra1 f4 20.Ne4 Nxd5 21.cxd5 c5 22.Bf3 Nf6 23.Ra7 Nxe4
24.Bxe4 Qf7 25.f3 h5 26.Kf2 Bf5 27.Rg1 Qd7 28.Ra4 Bxe4 29.Rxe4 Qh3 30.Rg2 Bh6
31.Bc3 Ra8 32.b6 fxg3+ 33.hxg3 Bg5 34.Kg1 Ra6 35.Rh2 Qd7 36.g4 Bf4 37.Rh1 Qd8
38.Qc2 Qg5 39.Kf2 h4 40.Kg2 Kg7 41.Qb2 Qd8 42.Qb5 Rxb6 43.Qc4 Qf6 44.d4 cxd4
45.Rxd4 Ra6 46.Re4 Raa8 47.Kh3 g5 48.Qb3 Rf7 49.Rb4 Be3 50.Rxb7 Qf4 51.Rxf7+ Kxf7
52.Qb7+ Kg6 53.Be1 Ra1 54.Qc8 Qf7 55.Qc3 Bd4 56.Qc2+ Kh6 57.Qc6 Qf6 58.Qe8 Ra2
59.Qb5 Rb2 60.Qc4 e4 61.f4 gxf4 62.g5+ Qxg5 63.Qxd4 Qf5+ 64.Kh2 Rxe2+ 65.Bf2 Qe5
66.Kh3 Qxd4 67.Bxd4 Kg5 68.Bb6 Rd2 69.Bd8+ Kf5 70.Rg1 e3 71.Rg8 Ke4 72.Bxh4 Kf3
73.Rg1 e2 74.Ra1 Rd1 75.Ra3+ Ke4 76.Ra4+ Ke5 77.Kg4 e1=Q 78.Bxe1 Rxe1 79.Kf3 Re3+
80.Kf2 Rd3  0-1

[Event "New York op"]
[Site "New York"]
[Date "1990.??.??"]
[Round "2"]
[White "Fedorowicz, John P"]
[Black "Ernst, Thomas"]
[Result "1/2-1/2"]
[WhiteElo "2560"]
[BlackElo "2440"]

1.d4 Nf6 2.c4 g6 3.g3 c6 4.Bg2 d5 5.cxd5 cxd5 6.Nf3 Bg7 7.O-O O-O 8.Ne5 e6
9.Nc3 Nfd7 10.f4 f6 11.Nd3 Nc6 12.e3 f5 13.Kh1 Nf6 14.b3 Ne4 15.Nxe4 dxe4
16.Ne5 Nxe5 17.dxe5 Bd7 18.Ba3 Bb5 19.Bxf8 Bxf1 20.Bxf1 Bxf8 21.Bc4 Qe8 22.Qe2 Rd8  1/2-1/2

[Event "New York op"]
[Site "New York"]
[Date "1990.??.??"]
[Round "3"]
[White "Wedberg, Tom"]
[Black "Fedorowicz, John P"]
[Result "1/2-1/2"]
[WhiteElo "2485"]
[BlackElo "2560"]

1.e4 c5 2.Nf3 d6 3.d4 cxd4 4.Nxd4 Nf6 5.Nc3 Nc6 6.Bc4 Qb6 7.Nde2 e6 8.O-O Be7
9.Bb3 O-O 10.Bg5 Qc7 11.Qd2 Na5 12.Rad1 Nxb3 13.axb3 Rd8 14.Ng3 a6 15.Rfe1 b5
16.Nce2 Bb7 17.Nd4 d5 18.e5 Ne4 19.Nxe4 dxe4 20.Bxe7 Qxe7 21.Qf4 b4 22.c4 Qc5
23.Ne2 Rd3 24.Nc1 Rd4 25.Ne2 Rd3 26.Nc1 Rd4 27.Ne2  1/2-1/2

[Event "New York op"]
[Site "New York"]
[Date "1990.??.??"]
[Round "4"]
[White "Fedorowicz, John P"]
[Black "San Segundo, Pablo"]
[Result "1-0"]
[WhiteElo "2560"]
[BlackElo "2405"]

1.c4 c5 2.Nf3 Nc6 3.g3 g6 4.Bg2 Bg7 5.O-O d6 6.Nc3 Nf6 7.d4 cxd4 8.Nxd4 Bd7
9.Nc2 O-O 10.b3 Qc8 11.Bb2 Bh3 12.Ne3 Bxg2 13.Kxg2 Rd8 14.Qb1 e6 15.Rd1 Ne5
16.Kg1 a6 17.a4 b6 18.Ne4 Nxe4 19.Qxe4 Qc6 20.Qxc6 Nxc6 21.Bxg7 Kxg7 22.f4 h5
23.Kf2 Kf6 24.Nc2 d5 25.cxd5 Rxd5 26.Rxd5 exd5 27.Ne3 Ke6 28.Rc1 Kd6 29.Rd1 d4
30.Nc4+ Kc7 31.Rc1 f6 32.h3 Rd8 33.g4 h4 34.g5 Rd5 35.gxf6 Rf5 36.Kf3 Rxf6
37.Ne5 Kb7 38.Nxc6 Rxc6 39.Rxc6 Kxc6 40.Ke4 Kc5 41.Ke5 Kb4 42.Kxd4  1-0

[Event "New York op"]
[Site "New York"]
[Date "1990.??.??"]
[Round "6"]
[White "Fedorowicz, John P"]
[Black "Ubilava, Elizbar"]
[Result "1/2-1/2"]
[WhiteElo "2560"]
[BlackElo "2515"]

1.d4 Nf6 2.c4 g6 3.Nc3 Bg7 4.e4 d6 5.Be2 O-O 6.Bg5 c6 7.f3 d5 8.cxd5 cxd5
9.e5 Ne8 10.Be3 f6 11.f4 Nc6 12.Bf3 Nc7 13.Nge2 f5 14.O-O Rf7 15.h4 Bh6 16.Qd2 e6
17.g4 Bd7 18.Kg2 Rc8 19.Ng3 Na5 20.b3 Bf8 21.gxf5 gxf5 22.Nh5 Ne8 23.Qe1 Kh8
24.Kh2 Nc6 25.Rg1 Ne7 26.Rc1 Ng6 27.Ne2 Bb5 28.a4 Bd3 29.Qd2 Nxh4 30.Bh1 Be4
31.Rxc8 Qxc8 32.Rc1 Rc7 33.Rxc7 Qxc7 34.Nhg3 Qb6 35.Nxe4 fxe4 36.Qc3 Nf5
37.Qc8 Nfg7 38.f5 Qxb3 39.Bh6 Kg8 40.f6 Qb2 41.fxg7 Qxe2+ 42.Bg2 Nxg7 43.Bxg7 Kxg7
44.Qxe6 Kh8 45.Qf7 Ba3 46.Qf6+ Kg8 47.Qe6+ Kg7 48.Qxd5 e3 49.Qxb7+ Kh6 50.Qc6+ Kg7
51.Qf6+ Kg8 52.Qg5+ Kf8 53.Qf6+ Kg8  1/2-1/2

[Event "New York op"]
[Site "New York"]
[Date "1990.??.??"]
[Round "8"]
[White "Fedorowicz, John P"]
[Black "Wessman, Richard"]
[Result "0-1"]
[WhiteElo "2560"]
[BlackElo "2505"]

1.e4 c5 2.Nf3 d6 3.d4 cxd4 4.Nxd4 Nf6 5.Nc3 Nc6 6.Bc4 e6 7.Be3 Be7 8.Qe2 a6
9.Bb3 Qc7 10.O-O-O Na5 11.g4 b5 12.g5 Nxb3+ 13.axb3 Nd7 14.h4 b4 15.Na4 Nc5
16.h5 Bd7 17.g6 Nxb3+ 18.Nxb3 Bxa4 19.Nd4 Bf6 20.b3 Bd7 21.gxf7+ Kxf7 22.h6 g6
23.f4 Rhc8 24.e5 dxe5 25.fxe5 Qxe5 26.Qf2 Bc6 27.Bf4 Qa5 28.Rhf1 Be4 29.Bc7 Qa1+
30.Kd2 Qc3+ 31.Kc1 Bf5 32.Nxf5 Qb2+ 33.Kd2 exf5  0-1

[Event "Novi Sad ol (Men)"]
[Site "Novi Sad"]
[Date "1990.??.??"]
[Round "4"]
[White "Fedorowicz, John P"]
[Black "Salazar, Hernan"]
[Result "1-0"]
[WhiteElo "2565"]
[BlackElo "2400"]

1.d4 d5 2.c4 e6 3.Nc3 c5 4.cxd5 exd5 5.Nf3 Nc6 6.g3 Nf6 7.Bg2 Be7 8.O-O O-O
9.Bg5 cxd4 10.Nxd4 h6 11.Bf4 Bg4 12.h3 Be6 13.Qa4 Nxd4 14.Qxd4 Qa5 15.Qd3 Rac8
16.Be5 Rfd8 17.Bd4 Ne4 18.Nxe4 dxe4 19.Qxe4 Qb4 20.e3 Bf6 21.Bxf6 Qxe4 22.Bxe4 gxf6
23.g4 Rd2 24.b3 b5 25.Rfd1 Rcd8 26.Bf3 f5 27.Kf1 fxg4 28.hxg4 Rxd1+ 29.Rxd1 Rc8
30.Rd2 a5 31.Bd1 Rc1 32.Kg2 Kg7 33.f4 Ra1 34.f5 Bc8 35.Kg3 h5 36.e4 hxg4
37.Kxg4 Rc1 38.Kf4 Bb7 39.e5 a4 40.f6+ Kg8 41.Be2 Rc8 42.Bxb5 axb3 43.axb3  1-0

[Event "Novi Sad ol (Men)"]
[Site "Novi Sad"]
[Date "1990.??.??"]
[Round "13"]
[White "Hernandez, Roman"]
[Black "Fedorowicz, John P"]
[Result "1/2-1/2"]
[WhiteElo "2455"]
[BlackElo "2565"]

1.c4 Nf6 2.Nc3 g6 3.Nf3 Bg7 4.g3 O-O 5.Bg2 d6 6.O-O Nc6 7.d3 e5 8.Rb1 a5
9.a3 Re8 10.b4 axb4 11.axb4 h6 12.b5 Nd4 13.e3 Nxf3+ 14.Bxf3 Rb8 15.Bg2 Bg4
16.Qc2 Qd7 17.Nd5 c6 18.Nxf6+  1/2-1/2

[Event "Stockholm"]
[Site "Stockholm"]
[Date "1990.??.??"]
[Round "?"]
[White "Fedorowicz, John P"]
[Black "Wedberg, Tom"]
[Result "1/2-1/2"]
[WhiteElo "2565"]
[BlackElo "2480"]

1.d4 Nf6 2.c4 e6 3.Nc3 d5 4.Nf3 Be7 5.Bg5 h6 6.Bh4 O-O 7.e3 b6 8.Bd3 Bb7
9.Bxf6 Bxf6 10.cxd5 exd5 11.O-O Qe7 12.Rc1 Rd8 13.Bb1 Nd7 14.Re1 c5 15.dxc5  1/2-1/2

[Event "Stockholm"]
[Site "Stockholm"]
[Date "1990.??.??"]
[Round "?"]
[White "Fedorowicz, John P"]
[Black "Johansson, Jan"]
[Result "1-0"]
[WhiteElo "2565"]
[BlackElo "2460"]

1.d4 Nf6 2.c4 c5 3.d5 e5 4.Nc3 d6 5.e4 Be7 6.h3 Nbd7 7.Nf3 Nf8 8.a3 Ng6 9.b4 b6
10.g3 O-O 11.h4 Bg4 12.bxc5 bxc5 13.Be2 Qd7 14.Nd2 Bxe2 15.Qxe2 Bd8 16.Nb3 Bc7
17.Kf1 Rfb8 18.Rb1 Rb6 19.h5 Ne7 20.h6 g6 21.Qf3 Ne8 22.Bg5 Bd8 23.Kg2 Rab8
24.Nd2 Rxb1 25.Rxb1 Rxb1 26.Ncxb1 Nf5 27.Bxd8 Nd4 28.Qd1 Qxd8 29.Qa4 Nf6
30.Qxa7 Qf8 31.Qc7 g5 32.Nc3 Qxh6 33.Nb5 Ne2 34.Nxd6  1-0

[Event "Stockholm"]
[Site "Stockholm"]
[Date "1990.??.??"]
[Round "?"]
[White "Cramling, Pia"]
[Black "Fedorowicz, John P"]
[Result "1/2-1/2"]
[WhiteElo "2505"]
[BlackElo "2565"]

1.d4 Nf6 2.Nf3 e6 3.c4 b6 4.Nc3 Bb4 5.Bg5 Bb7 6.e3 h6 7.Bh4 g5 8.Bg3 Ne4
9.Qc2 Bxc3+ 10.bxc3 Nxg3 11.fxg3 Qe7 12.Bd3 Nc6 13.O-O O-O-O 14.c5 h5 15.e4 Kb8
16.Rab1 h4 17.g4 h3 18.g3 d6 19.cxb6 cxb6 20.Qf2 e5 21.d5 Na5 22.Nd2 Qc7
23.c4 Bc8 24.Be2 Rdf8 25.Nb3 Nb7 26.Qe3 f6 27.a4 a5 28.Rb2 Ka7 29.Rfb1 Nc5
30.Nxc5 bxc5 31.Qf3  1/2-1/2

[Event "Hoogovens-B"]
[Site "Wijk aan Zee"]
[Date "1990.??.??"]
[Round "9"]
[White "Fedorowicz, John P"]
[Black "Van Wely, Loek"]
[Result "1-0"]
[WhiteElo "2560"]
[BlackElo "2445"]

1.d4 Nf6 2.c4 g6 3.Nc3 Bg7 4.e4 O-O 5.Be2 d6 6.Bg5 c5 7.d5 h6 8.Be3 e6 9.Qd2 exd5
10.cxd5 Re8 11.f3 h5 12.Bg5 a6 13.a4 Qa5 14.Ra3 Nh7 15.Bf4 Qc7 16.a5 Nd7
17.Nh3 Ne5 18.Nf2 b5 19.axb6 Qxb6 20.O-O Rb8 21.Ra2 f5 22.Be3 Nf6 23.h3 a5
24.Bh6 Bh8 25.Bb5 Re7 26.exf5 Bxf5 27.Re1 Qd8 28.Bf4 Nh7 29.Bf1 Rb4 30.Nce4 a4
31.Rea1 Qd7 32.Qc2 Nf7 33.Bd2 Rb8 34.Bc3 Bxc3 35.bxc3 Qb7 36.Rxa4 Qxd5 37.Bc4 Qe5
38.Qd2 Be6 39.f4 Qg7 40.Ra8 Rf8 41.Bxe6 Rxe6 42.Qd5 Ree8 43.Rxe8 Rxe8 44.Nxd6 Rd8
45.Nfe4 Nf6 46.Qe6 Nxe4 47.Nxe4  1-0

[Event "Hoogovens-B"]
[Site "Wijk aan Zee"]
[Date "1990.??.??"]
[Round "10"]
[White "Winants, Luc"]
[Black "Fedorowicz, John P"]
[Result "1/2-1/2"]
[WhiteElo "2455"]
[BlackElo "2560"]

1.Nf3 Nf6 2.c4 g6 3.Nc3 Bg7 4.d4 O-O 5.e3 d6 6.Be2 Nbd7 7.b4 e5 8.Bb2 Re8
9.dxe5 dxe5 10.a3 e4 11.Nd4 h5 12.h3 Nf8  1/2-1/2

[Event "Hoogovens-B"]
[Site "Wijk aan Zee"]
[Date "1990.??.??"]
[Round "11"]
[White "Fedorowicz, John P"]
[Black "Brenninkmeijer, Joris"]
[Result "1/2-1/2"]
[WhiteElo "2560"]
[BlackElo "2475"]

1.Nf3 Nf6 2.c4 c6 3.d4 d5 4.cxd5 cxd5 5.Nc3 Nc6 6.Bf4 Bf5 7.e3 e6 8.Bd3 Bxd3
9.Qxd3 Bd6 10.Bxd6 Qxd6 11.O-O O-O 12.Rfc1  1/2-1/2

[Event "Buenos Aires Najdorf"]
[Site "Buenos Aires"]
[Date "1991.??.??"]
[Round "1"]
[White "Fedorowicz, John P"]
[Black "Panno, Oscar"]
[Result "1/2-1/2"]
[WhiteElo "2555"]
[BlackElo "2440"]

1.e4 c6 2.d4 d5 3.Nc3 dxe4 4.Nxe4 Bf5 5.Ng3 Bg6 6.Nf3 Nd7 7.h4 h6 8.h5 Bh7
9.Bd3 Bxd3 10.Qxd3 Ngf6 11.Bd2 e6 12.Qe2 Qc7 13.O-O-O O-O-O 14.Ne5 Nb6 15.c4 c5
16.Bf4 Bd6 17.dxc5 Qxc5 18.Kb1 Bc7 19.Rhe1 Nbd7 20.Nxd7 Rxd7 21.Rxd7 Kxd7
22.Be3 Qc6 23.f4  1/2-1/2

[Event "Buenos Aires Najdorf"]
[Site "Buenos Aires"]
[Date "1991.??.??"]
[Round "2"]
[White "Dolmatov, Sergey"]
[Black "Fedorowicz, John P"]
[Result "1/2-1/2"]
[WhiteElo "2620"]
[BlackElo "2555"]

1.e4 c5 2.Nf3 d6 3.d4 cxd4 4.Nxd4 Nf6 5.Nc3 a6 6.Be2 e5 7.Nb3 Be7 8.Be3 Be6
9.Qd2 O-O 10.f4 exf4 11.Bxf4 Nc6 12.O-O-O Ne5 13.h3 b5 14.Kb1 Re8 15.Rhe1 Bf8
16.Bf1 Rc8 17.Qf2 Qc7 18.g4 h6 19.Bg2 Nc4 20.Nd5 Bxd5 21.exd5 Rxe1 22.Rxe1 Nd7
23.Bc1 Nde5 24.Bf4 g6 25.Qg3 Qb6 26.h4 a5 27.h5 a4 28.g5 axb3 29.cxb3 Qd4
30.bxc4 Rxc4 31.Bc1 Qh4 32.Qxh4 Rxh4 33.hxg6 fxg6  1/2-1/2

[Event "Buenos Aires Najdorf"]
[Site "Buenos Aires"]
[Date "1991.??.??"]
[Round "3"]
[White "Fedorowicz, John P"]
[Black "Cifuentes Parada, Roberto"]
[Result "1-0"]
[WhiteElo "2555"]
[BlackElo "2510"]

1.e4 e5 2.Nf3 d6 3.d4 Nf6 4.Nc3 Nbd7 5.Bc4 Be7 6.O-O O-O 7.a4 c6 8.Ba2 b6
9.Qe2 Bb7 10.Rd1 Qc7 11.Nh4 exd4 12.Rxd4 Rfe8 13.Bf4 Bf8 14.Rad1 Ne5 15.Nf5 Rad8
16.Bg5 Bc8 17.Bxf6 gxf6 18.Qh5 Bxf5 19.exf5 d5 20.Rh4 h6 21.Rh3 Kh7 22.Rf1 Re7
23.Nd1 Rde8 24.Rg3 Bg7 25.c3 Qd6 26.Qh4 Nd7 27.Qg4 Bh8 28.Bb1 Ne5 29.Qh5 Nc4
30.Ne3 Nxe3 31.fxe3 Qd8 32.Rf4 Bg7 33.Rxg7+  1-0